00326nam a2200121Ia 4500008004100000041000800041082001700049100001700066245003700083260004100120300003200161365001100193240624s9999 xx 000 0 und d aeng a658.4013 BRA aBRAMHAM JOHN aBENCHMARKING FOR PEOPLE MANAGERS c2007aMumbaibJaico Publishing House axiii, : 225 : p. : cm. ; 23 cRSb30